000 00646nam a2200241 i 4500
001 C2-0254351
003 PPAK
005 20180727222019.0
008 040429s1182 ua |||| ||||| | ara d
040 _aPPAK
_beng
_cPPAK
_erda
082 0 4 _a297.124
_223
090 0 0 _a297.124
_bASS
_dR
100 1 _aAsson'ani, Muhammad bin Ismail Al-Amir Al- Yamani,
_eauthor
245 1 0 _aSubulussalam
264 1 _aKaherah :
_bDarul Hadith ,
_c1182H
300 _a784 pages ;
_c25 cm
336 _2rdacontent
_atext
337 _2rdamedia
_aunmediated
338 _2rdacarrier
_avolume
500 _aJilid 1 dan 2
650 1 0 _aHadith
942 _ddc
_cB
999 _c67092
_d67092